[Event "IV Festival Terre degli Elimi A"]
[Site "Erice ITA"]
[Date "2013.07.27"]
[Round "5"]
[White "Arnaudov, G. Petar"]
[Black "Van Assendelft, Floris"]
[WhiteElo "2487"]
[BlackElo "2381"]
[Result "0-1"]
[PlyCount "103"]
[EventDate "2013.07.24"]

1. c4 e5 2. Nc3 Nf6 3. g3 d5 4. cxd5 Nxd5 5. Bg2 Nb6 6. e3 Nc6 7. Nge2 Bg4 8.
h3 Be6 9. f4 exf4 10. Nxf4 Bd6 11. O-O Bxf4 12. gxf4 Bc4 13. Rf2 Bd3 14. b3 Qd7
15. Qf3 f5 16. Bb2 O-O-O 17. a4 a5 18. Nb5 Be4 19. Qd1 Rhe8 20. Nd4 Nb4 21.
Bxe4 fxe4 22. Rh2 Nd3 23. Bc3 g5 24. f5 Kb8 25. Bxa5 Nd5 26. Bc3 Ne5 27. Qe2 c5
28. Ne6 Nf3+ 29. Kh1 Rxe6 30. fxe6 Qxe6 31. Qg2 Nxc3 32. dxc3 Ka8 33. Rf1 Rd2
34. Rxf3 Rxg2 35. Rf8+ Ka7 36. Kxg2 Qxb3 37. Rf2 Qxc3 38. Re2 Qf6 39. Rf2 Qc3
40. Re2 Qa1 41. h4 g4 42. Kg3 h5 43. Kf4 Qf6+ 44. Kxe4 g3 45. Rhg2 Qxh4+ 46.
Kd3 Qg4 47. Re1 h4 48. Reg1 Qxa4 49. Ke2 Qe4 50. Ra1+ Kb8 51. Rgg1 Qg4+ 52. Kd2
0-1

[Event "IV Festival Terre degli Elimi A"]
[Site "Erice ITA"]
[Date "2013.07.27"]
[Round "5"]
[White "Bertino, Giacomo"]
[Black "Movileanu, Daniela"]
[WhiteElo "1928"]
[BlackElo "2030"]
[Result "0-1"]
[PlyCount "34"]
[EventDate "2013.07.24"]

1. d4 Nf6 2. Nc3 d5 3. Bg5 e6 4. e4 dxe4 5. Nxe4 Be7 6. Nxf6+ Bxf6 7. Bxf6 Qxf6
8. Nf3 O-O 9. Bd3 c5 10. O-O Nc6 11. c3 cxd4 12. cxd4 Rd8 13. Qc2 h6 14. Rfd1
Nb4 15. Bh7+ Kh8 16. Qc5 Na6 17. Qc2 g6 0-1

[Event "IV Festival Terre degli Elimi A"]
[Site "Erice ITA"]
[Date "2013.07.27"]
[Round "5"]
[White "Campo, Renato"]
[Black "Nabuurs, Mart"]
[WhiteElo "1998"]
[BlackElo "2243"]
[Result "0-1"]
[PlyCount "66"]
[EventDate "2013.07.24"]

1. d4 d5 2. Nc3 Nf6 3. Bg5 Bf5 4. f3 Nbd7 5. Nxd5 Nxd5 6. e4 f6 7. Bh4 Be6 8.
exd5 Bxd5 9. Bd3 e5 10. c4 Bf7 11. d5 Bb4+ 12. Kf1 a5 13. Ne2 O-O 14. g4 Qe8
15. Rg1 Bg6 16. Bxg6 Qxg6 17. Ng3 Bc5 18. Nf5 Qe8 19. Bf2 e4 20. Bxc5 Nxc5 21.
Qd4 b6 22. Re1 Qd7 23. fxe4 Rae8 24. h3 Re5 25. Rg2 Rfe8 26. Rge2 g6 27. Ng3 h5
28. gxh5 Qxh3+ 29. Rg2 g5 30. Re3 Qh4 31. Rge2 f5 32. Rf3 Nxe4 33. Nxf5 Rxf5
0-1

[Event "IV Festival Terre degli Elimi A"]
[Site "Erice ITA"]
[Date "2013.07.27"]
[Round "5"]
[White "Cannella, Carlo"]
[Black "Bocci, Alessandro"]
[WhiteElo "1972"]
[BlackElo "1888"]
[Result "0-1"]
[PlyCount "124"]
[EventDate "2013.07.24"]

1. e4 e5 2. Nf3 Nc6 3. Bb5 a6 4. Ba4 Nf6 5. O-O b5 6. Bb3 Bc5 7. c3 d6 8. d4
Bb6 9. d5 Na5 10. Bc2 O-O 11. Qe2 c5 12. b3 Bg4 13. Nbd2 Nh5 14. Nb1 Qf6 15.
Be3 Nf4 16. Bxf4 exf4 17. Nbd2 Qxc3 18. Rac1 Qf6 19. Qd3 g6 20. Rfe1 Bxf3 21.
Qxf3 Kg7 22. Bd3 Rfe8 23. Re2 Rac8 24. Qg4 c4 25. bxc4 bxc4 26. Nxc4 Nxc4 27.
Rec2 Ne3 28. fxe3 Bxe3+ 29. Kf1 h5 30. Qh3 Rxc2 31. Rxc2 Rb8 32. Qf3 Rb1+ 33.
Ke2 Qh4 34. Bxa6 Qe1+ 35. Kd3 Qb4 36. Bc4 Qe1 37. Bb3 Rd1+ 38. Kc4 Rd4+ 39. Kb5
Qb4+ 40. Kc6 Rxe4 41. Kd7 Bc5 42. Qc3+ Qxc3 43. Rxc3 Re2 44. Rc2 Rxc2 45. Bxc2
Kf6 46. a4 g5 47. a5 g4 48. a6 Ke5 49. Kc6 h4 50. Bd1 f5 51. Kb7 Kxd5 52. a7
Bxa7 53. Kxa7 Kd4 54. Kb6 Ke3 55. Kc6 f3 56. gxf3 gxf3 57. Ba4 Kf2 58. Kxd6 Kg1
59. Ke5 f2 60. Bb5 Kxh2 61. Kxf5 Kg3 62. Bf1 h3 0-1

[Event "IV Festival Terre degli Elimi A"]
[Site "Erice ITA"]
[Date "2013.07.27"]
[Round "5"]
[White "Dagnino, Marcello"]
[Black "Gelardi, Davide"]
[WhiteElo "1516"]
[BlackElo "1854"]
[Result "0-1"]
[PlyCount "72"]
[EventDate "2013.07.24"]

1. Nf3 d5 2. g3 c5 3. Bg2 Nc6 4. d3 Nf6 5. O-O e6 6. Nbd2 Be7 7. e4 O-O 8. Re1
dxe4 9. dxe4 Qc7 10. c3 b5 11. a3 Rd8 12. Qc2 Bb7 13. b3 a5 14. a4 b4 15. c4
Ng4 16. Bb2 Nge5 17. Rad1 Nd3 18. Re3 Nxb2 19. Qxb2 Nd4 20. Nxd4 Rxd4 21. Qc2
Rad8 22. Kf1 Bf6 23. Ke2 e5 24. Ke1 Bg5 25. Bf3 Bxe3 26. fxe3 Rd3 27. Nf1 Qd7
28. Rxd3 Qxd3 29. Qxd3 Rxd3 30. Bd1 Rc3 31. Kd2 Bxe4 32. h4 Bb1 33. Ke2 Bd3+
34. Ke1 Bxf1 35. Kxf1 Rxe3 36. Kf2 Rd3 0-1

[Event "IV Festival Terre degli Elimi A"]
[Site "Erice ITA"]
[Date "2013.07.27"]
[Round "5"]
[White "Duijker, Rick"]
[Black "Marzaduri, Riccardo"]
[WhiteElo "2258"]
[BlackElo "1931"]
[Result "1/2-1/2"]
[PlyCount "102"]
[EventDate "2013.07.24"]

1. e4 e6 2. d4 d5 3. Nc3 Nc6 4. exd5 exd5 5. Bb5 a6 6. Bxc6+ bxc6 7. Be3 Nf6 8.
Qd2 Bb4 9. f3 O-O 10. O-O-O Rb8 11. Kb1 Nd7 12. Ka1 Nb6 13. b3 Qd6 14. Nge2 Re8
15. Bf4 Qd7 16. Rhe1 a5 17. Nc1 Ba6 18. Nd3 Bxd3 19. Qxd3 a4 20. Bd2 Qd6 21. g3
Ra8 22. Re3 Reb8 23. Rde1 Ba3 24. Qe2 h6 25. Nb1 Nc4 26. Re8+ Rxe8 27. Qxe8+
Rxe8 28. Rxe8+ Kh7 29. bxc4 dxc4 30. c3 Qd7 31. Ra8 Be7 32. Rxa4 Qd5 33. f4 c5
34. Ra5 Qc6 35. Be3 cxd4 36. Bxd4 Qg2 37. Rh5 Qc2 38. Re5 Qxh2 39. Rxe7 Kg6 40.
Be5 c6 41. Rd7 f6 42. Rd2 Qg1 43. f5+ Kxf5 44. Bd6 g5 45. a4 Qa7 46. Ra2 Ke6
47. Bf8 h5 48. a5 Kf7 49. Bh6 Kg6 50. Bf8 Kf7 51. Bd6 Ke6 1/2-1/2

[Event "IV Festival Terre degli Elimi A"]
[Site "Erice ITA"]
[Date "2013.07.27"]
[Round "5"]
[White "Ganci, Fabrizio"]
[Black "Bifulco, Michel"]
[WhiteElo "2073"]
[BlackElo "2026"]
[Result "1/2-1/2"]
[PlyCount "45"]
[EventDate "2013.07.24"]

1. d4 d5 2. Nf3 Nc6 3. Bf4 Bg4 4. Nbd2 e6 5. e3 Bd6 6. Bg3 Nge7 7. Be2 h5 8.
Bxd6 Qxd6 9. c4 Bxf3 10. Bxf3 e5 11. cxd5 Nxd5 12. Qb3 O-O-O 13. Ne4 Qb4+ 14.
Nc3 exd4 15. Bxd5 dxc3 16. bxc3 Qxb3 17. Bxb3 Ne5 18. Ke2 Rd7 19. Rad1 Rhd8 20.
Rxd7 Rxd7 21. Rd1 Rxd1 22. Kxd1 Kd7 23. f4 1/2-1/2

[Event "IV Festival Terre degli Elimi A"]
[Site "Erice ITA"]
[Date "2013.07.27"]
[Round "5"]
[White "Groenewold, Jan Joris"]
[Black "Cazacu, Gabriela"]
[WhiteElo "2175"]
[BlackElo "1845"]
[Result "1-0"]
[PlyCount "105"]
[EventDate "2013.07.24"]

1. d4 Nf6 2. Nf3 c5 3. c4 cxd4 4. Nxd4 Nc6 5. g3 g6 6. Bg2 Bg7 7. O-O O-O 8.
Nc3 a6 9. Nc2 d6 10. Rb1 Qc7 11. Bg5 Be6 12. Ne3 Rab8 13. Bxf6 exf6 14. Ned5
Qd8 15. Ne4 Bxd5 16. Qxd5 f5 17. Nxd6 Ne7 18. Qc5 b6 19. Qa3 Qc7 20. Rfd1 Rfd8
21. Rd3 Nc6 22. Rbd1 Bf8 23. c5 bxc5 24. Qxc5 Qb6 25. Qxc6 Qxc6 26. Bxc6 Rb6
27. Nc4 Rxd3 28. Rxd3 Rxc6 29. b3 a5 30. a4 Bb4 31. Rd5 Kg7 32. Nxa5 Rc3 33.
Nb7 Rxb3 34. Rb5 Rb2 35. a5 Bc3 36. Rxb2 Bxb2 37. e3 Be5 38. a6 Bb8 39. Nd6 Ba7
40. Nb5 Bb6 41. a7 Bxa7 42. Nxa7 Kf6 43. Kg2 Ke5 44. Kf3 f6 45. Nc6+ Ke6 46.
Nd4+ Ke5 47. Ke2 g5 48. Nc6+ Kd5 49. Nd4 Ke5 50. Kd3 f4 51. gxf4+ gxf4 52. e4
h6 53. Nf5 1-0

[Event "IV Festival Terre degli Elimi A"]
[Site "Erice ITA"]
[Date "2013.07.27"]
[Round "5"]
[White "Guccione, Cristoforo"]
[Black "Walkusz, Malgorzata"]
[WhiteElo "1781"]
[BlackElo "1924"]
[Result "1-0"]
[PlyCount "85"]
[EventDate "2013.07.24"]

1. Nf3 f5 2. e4 fxe4 3. Ng5 Nf6 4. d3 Nc6 5. dxe4 e6 6. Bd3 Be7 7. O-O O-O 8.
Nc3 Ne5 9. Qe2 Nfg4 10. Nh3 Bc5 11. Kh1 Qh4 12. Bg5 Qh5 13. f3 Nxd3 14. fxg4
Nf2+ 15. Rxf2 Rxf2 16. Qxf2 Qxg5 17. Qf4 Qxf4 18. Nxf4 d6 19. h3 Bd7 20. Rd1 e5
21. Nfd5 c6 22. Ne7+ Kf7 23. Nf5 Bxf5 24. gxf5 Rd8 25. a3 Bd4 26. Ne2 Bxb2 27.
Rb1 Bxa3 28. Rxb7+ Kf6 29. Rxa7 Bb2 30. Rc7 c5 31. Ng3 d5 32. Nh5+ Kg5 33. Nxg7
Rd6 34. Ne6+ Kf6 35. Nxc5 d4 36. Rxh7 Ba3 37. Rh6+ Ke7 38. Re6+ Rxe6 39. Nxe6
Kf6 40. g4 Bc1 41. h4 Be3 42. g5+ Kf7 43. h5 1-0

[Event "IV Festival Terre degli Elimi A"]
[Site "Erice ITA"]
[Date "2013.07.27"]
[Round "5"]
[White "Gueci, Laura"]
[Black "Aceto, Andrea"]
[WhiteElo "1913"]
[BlackElo "1569"]
[Result "1-0"]
[PlyCount "71"]
[EventDate "2013.07.24"]

1. c4 Nf6 2. g3 d5 3. cxd5 Nxd5 4. Bg2 e6 5. Nc3 c6 6. Nf3 Bb4 7. O-O O-O 8. a3
Bxc3 9. bxc3 Nd7 10. Qc2 N7f6 11. e4 Nb6 12. d4 Qe7 13. e5 Nfd7 14. a4 Re8 15.
c4 Qb4 16. Nd2 a5 17. Bb2 f6 18. c5 Nxc5 19. dxc5 Nd7 20. Ne4 f5 21. Bc3 Qc4
22. Nd6 Qxc5 23. Nxe8 Nxe5 24. Qd2 Bd7 25. Nc7 Rc8 26. Bxe5 Qxe5 27. Qxd7 Qxc7
28. Qxc7 Rxc7 29. Rfe1 Kf7 30. Re5 c5 31. Rb1 Kf6 32. f4 c4 33. Rxb7 Rc8 34.
Rb6 c3 35. Rbxe6+ Kf7 36. Rc6 1-0

[Event "IV Festival Terre degli Elimi A"]
[Site "Erice ITA"]
[Date "2013.07.27"]
[Round "5"]
[White "Haast, Anne"]
[Black "Toma, Katarzyna"]
[WhiteElo "2277"]
[BlackElo "2305"]
[Result "0-1"]
[PlyCount "48"]
[EventDate "2013.07.24"]

1. e4 c5 2. Nf3 e6 3. d4 cxd4 4. Nxd4 a6 5. c4 Nf6 6. Nc3 Bb4 7. Bd3 Qc7 8. O-O
Nc6 9. Nxc6 dxc6 10. f4 e5 11. h3 Be6 12. Be3 exf4 13. Bxf4 Bd6 14. Be3 Rd8 15.
Qc2 Bh2+ 16. Kh1 Be5 17. Ne2 Qd7 18. Rad1 Bxh3 19. Nf4 Bg4 20. Be2 Qc7 21.
Rxd8+ Qxd8 22. Bc5 Bxe2 23. Qxe2 Nd7 24. Qh5 g6 0-1

[Event "IV Festival Terre degli Elimi A"]
[Site "Erice ITA"]
[Date "2013.07.27"]
[Round "5"]
[White "Iannello, Antonio"]
[Black "La Franca, Vincenzo"]
[WhiteElo "1852"]
[BlackElo "1656"]
[Result "1-0"]
[PlyCount "59"]
[EventDate "2013.07.24"]

1. e4 e6 2. d4 d5 3. Nd2 Nf6 4. e5 Nfd7 5. Bd3 c5 6. c3 Nc6 7. Ne2 Be7 8. O-O
O-O 9. f4 cxd4 10. cxd4 f6 11. Nf3 fxe5 12. fxe5 Qb6 13. Kh1 Rf7 14. Qc2 Nf8
15. a3 Bd7 16. Bg5 Rc8 17. Qd2 Qd8 18. Bxe7 Nxe7 19. Ng5 Rxf1+ 20. Rxf1 Neg6
21. Nf7 Qh4 22. Nd6 Rb8 23. Qe3 Qh6 24. Qf3 Nh8 25. Nf7 Qd2 26. Nxh8 g6 27. Nf7
Be8 28. Nd6 Nd7 29. Nxe8 Kh8 30. Qf8+ 1-0

[Event "IV Festival Terre degli Elimi A"]
[Site "Erice ITA"]
[Date "2013.07.27"]
[Round "5"]
[White "Kampman, Tijmen"]
[Black "Mondello, Simone"]
[WhiteElo "2094"]
[BlackElo "1800"]
[Result "1-0"]
[PlyCount "49"]
[EventDate "2013.07.24"]

1. c4 g6 2. g3 Bg7 3. Bg2 e5 4. Nc3 Nc6 5. d3 d6 6. Rb1 a5 7. a3 f5 8. e3 Nf6
9. Nge2 O-O 10. O-O Kh8 11. d4 h6 12. b4 axb4 13. axb4 g5 14. f4 gxf4 15. gxf4
e4 16. d5 Ne7 17. Bb2 Ng6 18. Bh3 Nh4 19. Nd4 c5 20. dxc6 bxc6 21. Qe1 c5 22.
Nc6 Qe8 23. Qxh4 Qxc6 24. Nd5 Nxd5 25. Qxh6+ 1-0

[Event "IV Festival Terre degli Elimi A"]
[Site "Erice ITA"]
[Date "2013.07.27"]
[Round "5"]
[White "Knol, Geon"]
[Black "Masternak, Grzegorz"]
[WhiteElo "2146"]
[BlackElo "2339"]
[Result "0-1"]
[PlyCount "108"]
[EventDate "2013.07.24"]

1. e4 e6 2. d4 d5 3. Bd3 Nf6 4. Nd2 c5 5. exd5 exd5 6. Qe2+ Be7 7. dxc5 O-O 8.
Ngf3 Nbd7 9. Nb3 Nxc5 10. Nxc5 Bxc5 11. O-O Re8 12. Qd1 Bg4 13. h3 Bh5 14. Bg5
Qd6 15. Bxf6 gxf6 16. Kh1 Rad8 17. g4 Bg6 18. Qd2 Be4 19. Kg2 Qc6 20. Rae1 Rd6
21. b4 Bb6 22. b5 Qc5 23. Rd1 Bc7 24. Qe3 d4 25. Qxe4 Rxe4 26. Bxe4 Qxb5 27.
Rb1 Qc5 28. Rxb7 Ra6 29. Bd3 Rxa2 30. Rb5 Qd6 31. Rh5 h6 32. Rxh6 Ra5 33. Re1
Qd7 34. Nxd4 Bf4 35. Rh4 Re5 36. Rxe5 fxe5 37. Nf5 Qb7+ 38. Kg1 e4 39. Bc4 Qb1+
40. Bf1 Qxc2 41. g5 Be5 42. Ne3 Qb1 43. Kg2 a5 44. Bc4 Kf8 45. Bd5 Qb2 46. Rxe4
Bd4 47. Ng4 Qd2 48. h4 Bxf2 49. Nxf2 Qxd5 50. Kg3 a4 51. Rf4 a3 52. Ne4 a2 53.
Nf6 Qd3+ 54. Kg4 a1=Q 0-1

[Event "IV Festival Terre degli Elimi A"]
[Site "Erice ITA"]
[Date "2013.07.27"]
[Round "5"]
[White "Lammens, Tim"]
[Black "Stirpe, Claudio"]
[WhiteElo "2316"]
[BlackElo "2029"]
[Result "1-0"]
[PlyCount "63"]
[EventDate "2013.07.24"]

1. Nf3 Nf6 2. g3 g6 3. b3 Bg7 4. Bb2 O-O 5. Bg2 c5 6. O-O Nc6 7. c4 Rb8 8. d4
cxd4 9. Nxd4 Nxd4 10. Qxd4 Nh5 11. Qd2 Bxb2 12. Qxb2 b5 13. c5 Bb7 14. Bxb7
Rxb7 15. Nc3 Nf6 16. b4 Qc7 17. Rfd1 Qe5 18. Qd2 Rc8 19. Rac1 Rc6 20. Qd4 Qxd4
21. Rxd4 Kf8 22. e4 Ra6 23. a4 bxa4 24. b5 Ra5 25. c6 dxc6 26. bxc6 Rc7 27.
Nxa4 Ra6 28. e5 Ng8 29. Rdc4 Ke8 30. Rb1 Kd8 31. Rb8+ Rc8 32. c7+ 1-0

[Event "IV Festival Terre degli Elimi A"]
[Site "Erice ITA"]
[Date "2013.07.27"]
[Round "5"]
[White "Licata, Silvio"]
[Black "Di Marco, Salvatore Marco"]
[WhiteElo "1545"]
[BlackElo "1615"]
[Result "0-1"]
[PlyCount "92"]
[EventDate "2013.07.24"]

1. d4 Nf6 2. c4 d6 3. Nc3 Bd7 4. e4 e5 5. d5 Be7 6. Nf3 O-O 7. Be2 h6 8. h3 c6
9. Be3 Qc7 10. Qd2 cxd5 11. Nxd5 Nxd5 12. exd5 e4 13. Nd4 Na6 14. b4 Bf6 15.
Rc1 Rac8 16. g4 g5 17. h4 Qd8 18. hxg5 Bxg5 19. Bxg5 Qxg5 20. Qxg5+ hxg5 21. a3
Kg7 22. Rh5 Kg6 23. Kd2 Rh8 24. Rch1 Rxh5 25. Rxh5 Nc7 26. f3 Ne8 27. Rh8 Nf6
28. Rxc8 Bxc8 29. Nb5 exf3 30. Bxf3 Bxg4 31. Bxg4 Nxg4 32. Nxd6 b6 33. Ne4 f5
34. Ng3 Ne5 35. Kc3 f4 36. Nf1 g4 37. c5 bxc5 38. bxc5 g3 39. Nxg3 fxg3 40. c6
g2 41. Kd4 Nxc6+ 42. dxc6 g1=Q+ 43. Kd5 Qb6 44. Kd6 Qd8+ 45. Kc5 Qc7 46. Kb5
Qb6+ 0-1

[Event "IV Festival Terre degli Elimi A"]
[Site "Erice ITA"]
[Date "2013.07.27"]
[Round "5"]
[White "Ljubisavljevic, Zivojin Z."]
[Black "Ravagnani, Tiziano"]
[WhiteElo "2215"]
[BlackElo "1960"]
[Result "1/2-1/2"]
[PlyCount "30"]
[EventDate "2013.07.24"]

1. Nf3 c5 2. g3 Nc6 3. Bg2 d5 4. c4 Nf6 5. cxd5 Nxd5 6. Nc3 Nxc3 7. bxc3 e5 8.
d3 e4 9. dxe4 Qxd1+ 10. Kxd1 Bg4 11. h3 O-O-O+ 12. Kc2 Be6 13. Bf4 Bc4 14. Rhe1
f6 15. h4 Bd6 1/2-1/2

[Event "IV Festival Terre degli Elimi A"]
[Site "Erice ITA"]
[Date "2013.07.27"]
[Round "5"]
[White "Lo Bosco, Salvatore"]
[Black "Savalla, Pietro"]
[WhiteElo "1720"]
[BlackElo "1909"]
[Result "0-1"]
[PlyCount "106"]
[EventDate "2013.07.24"]

1. e4 e5 2. Nf3 d6 3. Bc4 Be7 4. d3 Nf6 5. h3 Nc6 6. c3 O-O 7. O-O a6 8. a4 d5
9. exd5 Nxd5 10. Re1 Bf6 11. Nbd2 Nb6 12. Ne4 Nxc4 13. dxc4 Qxd1 14. Rxd1 Be7
15. b4 Be6 16. c5 f6 17. Be3 h6 18. Ng3 Kh7 19. Bc1 Rfd8 20. Nd2 g6 21. Ba3 f5
22. c4 Bg5 23. Ngf1 Nd4 24. Bb2 Rd7 25. Bxd4 Rxd4 26. Nf3 Rxd1 27. Rxd1 Bf6 28.
Ne3 e4 29. Nd4 Bf7 30. a5 Rd8 31. c6 bxc6 32. Nxc6 Rxd1+ 33. Nxd1 Bxc4 34. Ne3
Bb5 35. Na7 c6 36. Nxb5 cxb5 37. Nd5 Be5 38. Kf1 Kg7 39. Ke2 Kf7 40. f4 Ke6 41.
Nb6 Bxf4 42. Kd1 Bd6 43. Na8 g5 44. Kc2 h5 45. Kc3 f4 46. Kd4 e3 47. Kd3 g4 48.
hxg4 hxg4 49. Ke2 Kd5 50. Nb6+ Ke4 51. Nc8 f3+ 52. gxf3+ gxf3+ 53. Kf1 e2+ 0-1

[Event "IV Festival Terre degli Elimi A"]
[Site "Erice ITA"]
[Date "2013.07.27"]
[Round "5"]
[White "Martinez, Ayelen"]
[Black "Milletari', Ruggero"]
[WhiteElo "2103"]
[BlackElo "1824"]
[Result "1-0"]
[PlyCount "57"]
[EventDate "2013.07.24"]

1. e4 e6 2. d4 d5 3. Nc3 Nf6 4. Bg5 Be7 5. e5 Nfd7 6. Bxe7 Qxe7 7. f4 c5 8. Nf3
Nc6 9. Nb5 O-O 10. Bd3 h6 11. c3 cxd4 12. Nfxd4 Nc5 13. Bc2 f6 14. O-O fxe5 15.
fxe5 Rxf1+ 16. Qxf1 Nxe5 17. Qe2 Nc6 18. b4 a6 19. Nxc6 bxc6 20. Nd4 Nd7 21.
Rf1 c5 22. Nc6 Qd6 23. Qh5 Nf6 24. Rxf6 gxf6 25. Qg6+ Kf8 26. Qxf6+ Ke8 27. Ne5
Qxe5 28. Qxe5 cxb4 29. Qf6 1-0

[Event "IV Festival Terre degli Elimi A"]
[Site "Erice ITA"]
[Date "2013.07.27"]
[Round "5"]
[White "Merendino, Elda"]
[Black "Prinzivalli, Achille"]
[WhiteElo "1538"]
[BlackElo "1721"]
[Result "1/2-1/2"]
[PlyCount "55"]
[EventDate "2013.07.24"]

1. d4 d5 2. Nf3 Bf5 3. e3 f6 4. Bd3 Bxd3 5. Qxd3 c5 6. Qb5+ Qd7 7. Qxc5 Nc6 8.
Qb5 a6 9. Qe2 e5 10. a3 b5 11. O-O Rc8 12. b3 Bd6 13. Nc3 e4 14. Nd2 Nxd4 15.
exd4 Rxc3 16. Qh5+ g6 17. Qd1 Qc7 18. b4 Bxh2+ 19. Kh1 Bf4 20. Nb3 Rc6 21. Nc5
Bxc1 22. Rxc1 Nh6 23. Qd2 Ng4 24. g3 O-O 25. Kg2 Re8 26. Rh1 Nxf2 27. Qxf2 f5
28. Qe3 1/2-1/2

[Event "IV Festival Terre degli Elimi A"]
[Site "Erice ITA"]
[Date "2013.07.28"]
[Round "5"]
[White "Messina, Damiano"]
[Black "Spinella, Andrea"]
[WhiteElo "1908"]
[BlackElo "1808"]
[Result "0-1"]
[PlyCount "54"]
[EventDate "2013.07.24"]

1. c4 e5 2. Nc3 f5 3. g3 Nf6 4. Bg2 g6 5. d3 Bg7 6. Nf3 d6 7. O-O O-O 8. Rb1 h6
9. Bd2 a6 10. b4 Qe8 11. h4 Nh5 12. Nd5 Qd8 13. Qb3 c6 14. Nb6 Ra7 15. Be3 Be6
16. Nd5 cxd5 17. Bxa7 d4 18. Bxb8 Qxb8 19. Nd2 Bf6 20. b5 Qd8 21. bxa6 bxa6 22.
Qb6 Qe7 23. Qxa6 Bxh4 24. gxh4 Nf4 25. e3 Ne2+ 26. Kh2 Qxh4+ 27. Bh3 f4 0-1

[Event "IV Festival Terre degli Elimi A"]
[Site "Erice ITA"]
[Date "2013.07.27"]
[Round "5"]
[White "Morello, Guido"]
[Black "Lo Pinto, Giovanni"]
[WhiteElo "2048"]
[BlackElo "1948"]
[Result "1/2-1/2"]
[PlyCount "38"]
[EventDate "2013.07.24"]

1. e4 e6 2. Nf3 d5 3. Nc3 Nf6 4. e5 Nfd7 5. d4 c5 6. dxc5 Nc6 7. Bf4 Bxc5 8.
Bd3 f6 9. exf6 Nxf6 10. Qe2 O-O 11. O-O-O a6 12. g4 e5 13. Bg5 Bxg4 14. Nxd5
Nd4 15. Nxf6+ Qxf6 16. Qe4 Qxf3 17. Qxh7+ Kf7 18. Qg6+ Kg8 19. Qh7+ Kf7 1/2-1/2

[Event "IV Festival Terre degli Elimi A"]
[Site "Erice ITA"]
[Date "2013.07.27"]
[Round "5"]
[White "Novak, Ksenija"]
[Black "Konijn, Rob"]
[WhiteElo "2099"]
[BlackElo "1974"]
[Result "1/2-1/2"]
[PlyCount "108"]
[EventDate "2013.07.24"]

1. Nf3 d5 2. c4 e6 3. g3 Nf6 4. b3 Be7 5. Bb2 O-O 6. Bg2 c5 7. e3 Nc6 8. d3 d4
9. O-O e5 10. e4 Qd6 11. Ne1 Ng4 12. h3 Nh6 13. Nd2 Qg6 14. Kh2 Bd6 15. Nef3
Qf6 16. Ng1 g6 17. Qe2 Bd7 18. Rae1 Qg7 19. Kh1 Kh8 20. a3 a5 21. Bc1 Ng8 22.
f4 Nge7 23. Ndf3 f5 24. fxe5 Bxe5 25. Nxe5 Nxe5 26. exf5 Nxf5 27. Rxf5 Rxf5 28.
g4 Nxg4 29. hxg4 Rff8 30. Bd2 Rae8 31. Be4 Qf6 32. g5 Qb6 33. Rf1 Bf5 34. Qg2
Qxb3 35. Bxf5 gxf5 36. Qf3 Qxa3 37. Qh3 Qa4 38. Rxf5 Qc6+ 39. Kh2 b6 40. Bf4
Qg6 41. Be5+ Kg8 42. Rxf8+ Rxf8 43. Bf6 Re8 44. Qf3 Re3 45. Qd5+ Qf7 46. Qd8+
Qe8 47. Qd5+ Qf7 48. Qd8+ Re8 49. Qxb6 Qh5+ 50. Kg2 Qg4+ 51. Kh2 Qf4+ 52. Kg2
Qg4+ 53. Kh2 Qf4+ 54. Kg2 Qg4+ 1/2-1/2

[Event "IV Festival Terre degli Elimi A"]
[Site "Erice ITA"]
[Date "2013.07.27"]
[Round "5"]
[White "Paragliola, Gennaro"]
[Black "D'Eredita', Elena"]
[WhiteElo "1529"]
[BlackElo "1673"]
[Result "0-1"]
[PlyCount "120"]
[EventDate "2013.07.24"]

1. d4 Nf6 2. Bg5 d6 3. Bxf6 gxf6 4. e4 e5 5. d5 f5 6. Bd3 Qg5 7. Qf3 fxe4 8.
Bxe4 f5 9. Bd3 e4 10. Bxe4 fxe4 11. Qxe4+ Be7 12. f4 Qf6 13. Nc3 Bf5 14. Qa4+
Nd7 15. O-O-O O-O 16. Nf3 Nc5 17. Qc4 Bg4 18. Rdf1 Qxf4+ 19. Qxf4 Rxf4 20. Nb5
Raf8 21. Nxc7 Bxf3 22. gxf3 Rxf3 23. Rhg1+ Kh8 24. Re1 Bd8 25. Nb5 Bh4 26. Rd1
Ne4 27. Rd4 Bg5+ 28. Kb1 Rf1+ 29. Rd1 Rxd1+ 30. Rxd1 a6 31. Nc7 Rf2 32. Re1
Rxh2 33. a3 Rh4 34. Ne6 Bh6 35. Rg1 b5 36. Nd8 Rf4 37. Ne6 Rf5 38. Nd8 Bg5 39.
Ne6 Rxd5 40. Re1 Nc5 41. Nc7 Re5 42. Rf1 Kg7 43. Rd1 Bf4 44. Nd5 Bg3 45. Nc7
Re1 46. Rxe1 Bxe1 47. Kc1 b4 48. Ne8+ Kg6 49. Nxd6 bxa3 50. bxa3 Bg3 51. Nc4 h5
52. Ne3 Bf4 53. Kd2 Bxe3+ 54. Kxe3 Kg5 55. Kf3 Ne6 56. c4 h4 57. Kg2 Kg4 58.
Kh2 a5 59. Kg2 h3+ 60. Kh2 Kh4 0-1

[Event "IV Festival Terre degli Elimi A"]
[Site "Erice ITA"]
[Date "2013.07.27"]
[Round "5"]
[White "Parrinello, Marco"]
[Black "Rosolia, Giuseppe"]
[WhiteElo "1569"]
[BlackElo "1801"]
[Result "0-1"]
[PlyCount "70"]
[EventDate "2013.07.24"]

1. e4 e5 2. Nf3 d6 3. d4 Nd7 4. Nc3 Be7 5. Bc4 Ngf6 6. O-O O-O 7. Bg5 c6 8.
dxe5 dxe5 9. Bh4 Qc7 10. Bg3 Nh5 11. Bh4 Nc5 12. Bxe7 Qxe7 13. Qe2 b5 14. Bb3
a5 15. a3 Ba6 16. Nd1 Nxb3 17. cxb3 b4 18. Qc2 Bxf1 19. Kxf1 Nf4 20. Ne3 g6 21.
Nc4 f6 22. a4 Rfd8 23. g3 Ne6 24. Re1 Qc7 25. Re3 Kg7 26. Ke1 Rd7 27. Rd3 Rxd3
28. Qxd3 Rd8 29. Qe3 Nd4 30. Nxd4 Rxd4 31. f3 Qd8 32. Ke2 c5 33. f4 Rd1 34. Nd2
Rc1 35. Qd3 Re1+ 0-1

[Event "IV Festival Terre degli Elimi A"]
[Site "Erice ITA"]
[Date "2013.07.27"]
[Round "5"]
[White "Pesiri, Rossano"]
[Black "Castelli, Giovanni J."]
[WhiteElo "1952"]
[BlackElo "1832"]
[Result "1-0"]
[PlyCount "75"]
[EventDate "2013.07.24"]

1. d4 e6 2. c4 d5 3. Nc3 c5 4. dxc5 Nf6 5. Qa4+ Bd7 6. Qb3 Bc6 7. cxd5 exd5 8.
e3 Nbd7 9. Nf3 Bxc5 10. Bb5 O-O 11. Bxc6 bxc6 12. O-O Re8 13. Ne2 Ne4 14. Ned4
Rc8 15. Qa4 Qb6 16. a3 Bf8 17. Bd2 Nxd2 18. Nxd2 Ne5 19. b4 Rc7 20. Rac1 Rec8
21. N4f3 Bd6 22. Nxe5 Bxe5 23. Nb3 Bd6 24. Nc5 Bxc5 25. Rxc5 h6 26. Rfc1 a6 27.
Qc2 Qb7 28. Qc3 f6 29. a4 Kf7 30. b5 axb5 31. axb5 Ke6 32. bxc6 Qb6 33. Qd4 Rd8
34. e4 Kf7 35. exd5 Rd6 36. Qf4 Rd8 37. Rb5 Qa7 38. d6 1-0

[Event "IV Festival Terre degli Elimi A"]
[Site "Erice ITA"]
[Date "2013.07.27"]
[Round "5"]
[White "Przezdziecka, Marta"]
[Black "Van Weersel, Arlette"]
[WhiteElo "2297"]
[BlackElo "2176"]
[Result "1-0"]
[PlyCount "91"]
[EventDate "2013.07.24"]

1. Nf3 Nf6 2. c4 g6 3. Nc3 d5 4. cxd5 Nxd5 5. Qa4+ c6 6. Qd4 Nf6 7. Qxd8+ Kxd8
8. e4 Bh6 9. d4 Bxc1 10. Rxc1 e6 11. Be2 Ke7 12. O-O Rd8 13. Rfd1 b6 14. e5 Ne8
15. h4 h5 16. Ne4 Bb7 17. Nfg5 Nd7 18. Rc3 c5 19. Rf3 f5 20. exf6+ Ndxf6 21.
Nxf6 Nxf6 22. Re3 Bd5 23. dxc5 bxc5 24. Rxd5 Nxd5 25. Rxe6+ Kd7 26. Rxg6 Nf4
27. Rg7+ Kc6 28. Bf3+ Nd5 29. Ne6 Rd6 30. Nf4 Rf8 31. Nxd5 a5 32. Ne3+ Kb5 33.
Bxh5 Rd2 34. Bf3 Rf4 35. h5 Ka6 36. Rg4 Rf8 37. Nc4 Rc2 38. b3 Rxa2 39. Rg6+
Ka7 40. h6 Rf7 41. Rg4 Rf8 42. h7 Rh8 43. Be4 a4 44. bxa4 Rxa4 45. Rg8 Rxh7 46.
Ra8# 1-0